000 00641nam a2200229 i 4500
001 16718
003 ES-MaACL
005 20231125063006.0
007 t|
008 001026s2000 sp ||||1| spa d
020 _a84-7880-837-X
080 _a821.134.2-34"19"
100 1 _aDíez, Luis Mateo,
_d1942-
_944658
245 1 4 _aLas palabras de la vida /
_cLuis Mateo Díez.
250 _a1ª ed.
260 _aMadrid :
_bTemas de Hoy,
_c2000.
300 _a221 p. ;
_c22 cm.
490 1 _aTerritorio personal
830 0 _aTerritorio personal
_9228669
852 _aES-MaACL
_jL-23671
_bR.128499
999 _c16718
_d16718